Online Catalogue and eLibrary

Mahakavi chuudamanie sri wanabattavirahitha kaadambaree : (Record no. 4856)

MARC details
000 -LEADER
fixed length control field 00447nam a2200157Ia 4500
005 - DATE AND TIME OF LATEST TRANSACTION
control field 20250701013826.0
008 - FIXED-LENGTH DATA ELEMENTS--GENERAL INFORMATION
fixed length control field 240331s9999 xx 000 0 und d
082 ## - DDC Classification
Item Number - Author Mark LAN
Class No. 891
100 ## - MAIN ENTRY--PERSONAL NAME
Personal name Lanka Nanda, Labugama
245 #0 - TITLE STATEMENT
Title Mahakavi chuudamanie sri wanabattavirahitha kaadambaree :
Remainder of title lankananda waakya
250 ## - EDITION STATEMENT
Edition statement 2nd
260 ## - PUBLICATION, DISTRIBUTION, ETC.
Place of publication, distribution, etc. Maradana
Name of publisher, distributor, etc. Anula Printing House
Date of publication, distribution, etc. 1958
300 ## - PHYSICAL DESCRIPTION
Extent (e.g. Volumes, Pages etc.) 167 p .,
500 ## - GENERAL NOTE
General note Lankananda's Commentary
942 ## - Koha item type (Biblio)
Koha item type Books in Stacks (Lending)
Holdings
Lost status Damaged status Collection code Home library Current library Shelving location Date acquired Full call number Accession Number Item type
    Lending WERC Library WERC Library Social Science Cupboard 03/31/2024 891.48 LAN 1065 Books in Stacks (Lending)

© WERC Library